FINANCIAL ACCOUNTING : PROBLEMS & SOLUTIONS [ 3RD.ED.] (Record no. 2170)

MARC details
000 -LEADER
fixed length control field 00426nam a22001697a 4500
005 - DATE AND TIME OF LATEST TRANSACTION
control field 20250521102126.0
008 - FIXED-LENGTH DATA ELEMENTS--GENERAL INFORMATION
fixed length control field 160530b xxu||||| |||| 00| 0 eng d
020 ## - INTERNATIONAL STANDARD BOOK NUMBER
ISBN 978-81-8478-103-3
041 ## - LANGUAGE CODE
Language code of text/sound track or separate title eng
082 ## - DEWEY DECIMAL CLASSIFICATION NUMBER
Classification number 657
100 ## - MAIN ENTRY--AUTHOR NAME
Personal name Sehgal, Ashok &Sehgal Dr Deepak
245 ## - TITLE STATEMENT
Title FINANCIAL ACCOUNTING : PROBLEMS & SOLUTIONS [ 3RD.ED.]
260 ## - PUBLICATION, DISTRIBUTION, ETC. (IMPRINT)
Name of publisher TAXMAN
300 ## - PHYSICAL DESCRIPTION
Number of Pages 146;P
650 ## - SUBJECT ADDED ENTRY--TOPICAL TERM
Topical Term Management
942 ## - ADDED ENTRY ELEMENTS (KOHA)
Koha item type Books
Holdings
Lost status Damaged status Collection code Home library Current library Shelving location Date acquired Cost, normal purchase price Full call number Accession Number Koha item type
    MANAGEMENT JRU Library JRU Library SHELF-33-G 30/05/2016 375.00 657 6076 Books